[Event "Bundesliga 9495"]
[Site "Germany"]
[Date "1995.??.??"]
[Round "?"]
[White "Poldauf, Dirk"]
[Black "Hennig, Dirk"]
[Result "0-1"]
[WhiteElo "2425"]
[BlackElo "2345"]

1.c4 c6 2.e4 e5 3.Nc3 Bb4 4.Nf3 d6 5.g3 Nf6 6.d3 O-O 7.Bg2 d5 8.O-O Bxc3
9.bxc3 dxe4 10.Nxe5 exd3 11.Nxd3 Bg4 12.f3 Bf5 13.Nf4 Na6 14.g4 Bg6 15.h4 Qb6+
16.Qd4 Rfd8 17.Qf2 Qxf2+ 18.Kxf2 Nc5 19.Nxg6 hxg6 20.Be3 Nd3+ 21.Kg3 Ne5
22.c5 Rd3 23.Rfe1 Re8 24.Bd4 Nfxg4 25.Rab1 Re7 26.Rb4 f6 27.Reb1 Nh6 28.Rxb7 Nf5+
29.Kh2 Rxb7 30.Rxb7 Rd2 31.Kh3 a5 32.Bxe5 fxe5 33.Bf1 Kh7 34.Rc7 Rf2 35.Ba6 Rxf3+
36.Kh2 Rxc3 37.Rxc6 e4 38.Rc8 e3 39.Kg2 Rc2+ 40.Kf1 Ng3+ 41.Kg1 Rc1+ 42.Kg2 e2
43.Bxe2 Nxe2 44.Kf3 Nc3 45.a3 Nb5 46.a4 Nc3 47.c6 Nxa4 48.c7 Rc6 49.Ke4 Nc3+  0-1

[Event "Bundesliga 9495"]
[Site "Germany"]
[Date "1995.??.??"]
[Round "?"]
[White "Uhlmann, Wolfgang"]
[Black "Backwinkel, Paul"]
[Result "1-0"]
[WhiteElo "2470"]
[BlackElo "2410"]

1.c4 c6 2.d4 d5 3.Nc3 e6 4.e3 f5 5.Nf3 Nf6 6.Bd3 Bd6 7.Ne5 O-O 8.O-O Nbd7
9.f4 Ne4 10.Nxe4 fxe4 11.Be2 Nxe5 12.fxe5 Rxf1+ 13.Qxf1 Be7 14.Bd2 Bd7 15.b4 a6
16.a4 Bg5 17.g3 Bh6 18.h4 g5 19.Qf6 Qxf6 20.exf6 gxh4 21.gxh4 dxc4 22.a5 Rf8
23.Rf1 Be8 24.Bxc4 Bf7 25.Kh2 Kh8 26.Bb3 Rd8 27.Rf2 Kg8 28.Kh3 Rd6 29.Kg4 Kh8
30.Bc2 Bg6 31.f7 Rd8 32.Bb3 Bf5+ 33.Rxf5 exf5+ 34.Kxf5 Kg7 35.Kxe4 Kg6 36.Be1 Rd7
37.Kd3 Bg7 38.Bf2 Bf8 39.Be1 c5 40.bxc5 Bxc5 41.Be6 Rd8 42.Kc4 Be7 43.e4 Kh5
44.e5  1-0

[Event "Oberliga Nord N9495"]
[Site "Germany"]
[Date "1995.??.??"]
[Round "?"]
[White "Jantzen, Hans Joerg"]
[Black "Kues, Hendrik"]
[Result "0-1"]
[WhiteElo "2270"]
[BlackElo "2275"]

1.c4 c6 2.d4 d5 3.Nf3 Nf6 4.Nc3 dxc4 5.a4 Bf5 6.e3 e6 7.Bxc4 Bb4 8.O-O Nbd7
9.Qe2 Bg6 10.Rd1 O-O 11.Ne5 Bh5 12.f3 Qc7 13.Nxd7 Nxd7 14.e4 Rac8 15.Be3 Rfd8
16.Bg5 Re8 17.Kh1 Nb6 18.Bb3 e5 19.d5 cxd5 20.Nb5 Qb8 21.a5 Nc4 22.Ra4 dxe4
23.Qxe4 Nxb2 24.Qxb4 Nxd1 25.Bxd1 e4 26.g4 Qe5 27.h4 exf3 28.Bxf3 Qg3 29.Be4 Bxg4
30.Bf4 Bf3+ 31.Bxf3 Re1+ 32.Qxe1 Qxe1+ 33.Kg2 Rc2+ 34.Kh3 Qf1+ 35.Kg3 Qg1+
36.Kh3 Qf1+ 37.Kg3 Qxb5 38.Rd4 Rc8 39.Bg4 Qxa5 40.Rd3 Rc3  0-1

[Event "Hessenliga"]
[Site "Germany"]
[Date "1995.??.??"]
[Round "?"]
[White "Holfelder, Hans Joachim"]
[Black "Meiser, Markus"]
[Result "1/2-1/2"]
[WhiteElo "2315"]
[BlackElo "2270"]

1.c4 c6 2.Nf3 d5 3.b3 Nf6 4.Bb2 g6 5.cxd5 cxd5 6.Bxf6 exf6 7.d4 Nc6 8.a3 Bh6
9.e3 O-O 10.Be2 Bg4 11.O-O f5 12.g3 g5 13.Nc3 Bh3 14.Re1 f4 15.exf4 gxf4
16.Ne5 f6 17.Nxc6 bxc6 18.Bg4 Bxg4 19.Qxg4+ Kh8 20.Na4 fxg3 21.hxg3 f5 22.Qh3 Qf6
23.Nc5 Rfe8 24.Nd7 Qg6 25.Ne5 Qf6 26.f4 Bf8 27.Qh5 Re6 28.Ra2 Kg8 29.Rh2 h6
30.Rc2 a5 31.g4 fxg4 32.f5 Re7 33.Rec1 Rg7 34.Rxc6 Qg5 35.Qxg5 Rxg5 36.f6 Bxa3
37.Rc8+ Rxc8 38.Rxc8+ Kh7 39.Rc7+ Kg8 40.Rc8+ Kh7 41.Rc7+ Kg8  1/2-1/2

[Event "BL2-S9495"]
[Site "Germany"]
[Date "1995.??.??"]
[Round "?"]
[White "Mandel, Andreas"]
[Black "Biebinger, Gerhard"]
[Result "1/2-1/2"]
[WhiteElo "2370"]
[BlackElo "2310"]

1.c4 c6 2.d4 d5 3.Nf3 Nf6 4.Nc3 e6 5.Bg5 Be7 6.e3 Nbd7 7.Qc2 O-O 8.Rd1 b6
9.cxd5 cxd5 10.Bd3 Bb7 11.O-O h6 12.Bh4 a6 13.a4 Rc8 14.Qe2 Ne4 15.Bxe7 Qxe7
16.Bxa6 Bxa6 17.Qxa6 Nxc3 18.bxc3 Rxc3 19.Rb1 Rc4 20.Rfc1 Rxc1+ 21.Rxc1 Qa3
22.Rf1 Qd6 23.a5 Qc7 24.axb6 Qxb6  1/2-1/2

[Event "BL2-W9495"]
[Site "Germany"]
[Date "1995.??.??"]
[Round "?"]
[White "Bosboom, Manuel"]
[Black "Haba, Petr"]
[Result "1-0"]
[WhiteElo "2380"]
[BlackElo "2505"]

1.c4 c6 2.Nf3 d5 3.g3 Nf6 4.Bg2 dxc4 5.a4 Be6 6.Na3 Bd5 7.Qc2 g6 8.Nxc4 Bg7
9.b4 O-O 10.O-O Na6 11.Ba3 Nc7 12.Na5 Rb8 13.Rab1 Ne6 14.Nb3 Nd7 15.Bb2 Bxb2
16.Rxb2 Qc7 17.d4 Nf6 18.Nbd2 Bxf3 19.Nxf3 Nd7 20.e3 a5 21.Rc1 axb4 22.Rxb4 Nd8
23.Qb2 Ra8 24.h4 Ra5 25.Nd2 Nf6 26.Nb3 Ra7 27.Nc5 Nd7 28.Nd3 Qd6 29.e4 e6
30.e5 Qe7 31.Rbc4 Nb8 32.Nc5 Nd7 33.Ne4 f6 34.Nd6 Nf7 35.Nxf7 Rxf7 36.exf6 Qxf6
37.Re1 Nf8 38.Bh3 b5 39.axb5 cxb5 40.Rc8 Kg7 41.Re4 Rac7 42.Rxc7 Rxc7 43.Rf4 Qe7
44.Qxb5 Qd6 45.h5 gxh5 46.Qxh5 Ng6 47.Re4 Rc1+ 48.Kh2 Qd5 49.Qe2 Nf8 50.Bg2 Qf5
51.d5 exd5 52.Rf4  1-0

[Event "NRW-Liga II 9495"]
[Site "Germany"]
[Date "1995.??.??"]
[Round "?"]
[White "Rosen, Bernd"]
[Black "Juergens, Peter"]
[Result "1/2-1/2"]
[WhiteElo "2305"]
[BlackElo "2240"]

1.c4 c6 2.Nf3 d5 3.g3 Bg4 4.Bg2 Nd7 5.cxd5 cxd5 6.Qa4 Bxf3 7.Bxf3 e6 8.d3 Nf6
9.Bf4 Qb6 10.O-O Qxb2 11.Nd2 Qa3 12.Qb5 Bd6 13.Bxd6 Qxd6 14.Qxb7 O-O 15.Rfc1 Rfb8
16.Qc7 Qxc7 17.Rxc7 Ne5 18.Rac1 Ne8 19.R7c2 Nd6 20.d4 Nxf3+ 21.Nxf3 Rc8 22.Ne5 Rxc2
23.Rxc2 Rc8 24.Rxc8+ Nxc8 25.Nc6 Kf8 26.f3 Ke8 27.e4 Kd7 28.Ne5+ Ke7 29.Kf2 f6
30.Nd3 Nb6 31.Ke2 Nc4 32.Nf4 g5 33.Ng2 Kd6 34.Kd3  1/2-1/2

[Event "BL2-W9495"]
[Site "Germany"]
[Date "1995.??.??"]
[Round "?"]
[White "Kamp, Christoph"]
[Black "Fischdick, Gisela"]
[Result "0-1"]
[WhiteElo "2280"]
[BlackElo "2300"]

1.c4 c6 2.e4 d5 3.cxd5 cxd5 4.exd5 Nf6 5.Qa4+ Nbd7 6.Nc3 g6 7.g4 Bg7 8.g5 Nh5
9.Nge2 O-O 10.Ng3 Ne5 11.Be2 b5 12.Qh4 b4 13.Nxh5 gxh5 14.Qxb4 Bg4 15.Qe4 Qd7
16.d4 Bf5 17.Qe3 Ng4 18.Qf4 e5 19.dxe6 fxe6 20.Be3 Bc2 21.Qg3 Nxe3 22.fxe3 Qb7
23.Kd2 Qxb2 24.Rhc1 Bb1+ 25.Kd1 Qxa1 26.Nxb1 Rac8 27.Nc3 Qb2 28.Rc2 Qb4 29.Kd2 Rxc3
30.Rxc3 Rc8  0-1

[Event "BL2-W9495"]
[Site "Germany"]
[Date "1995.??.??"]
[Round "?"]
[White "Kamp, Christoph"]
[Black "Scheffner, Axel"]
[Result "1/2-1/2"]
[WhiteElo "2280"]
[BlackElo "2315"]

1.c4 c6 2.e4 e5 3.d4 Bb4+ 4.Bd2 Bxd2+ 5.Qxd2 d6 6.Nc3 Qf6 7.Rd1 Nd7 8.Be2 Qh6
9.Bg4 Qxd2+ 10.Rxd2 Nh6 11.Bxd7+ Bxd7 12.h3 f6 13.Nf3 Nf7 14.O-O g5 15.Nh2 Ke7
16.Rfd1 Rad8 17.Nf1 h5 18.Ne3 h4 19.b4 a6 20.d5 c5 21.bxc5 dxc5 22.d6+ Ke6
23.Nf5 Nh6 24.Ne3 Nf7 25.Nf5 Nh6 26.Ne3 Nf7 27.Nf5  1/2-1/2

[Event "BL9495 (Women)"]
[Site "Germany"]
[Date "1995.??.??"]
[Round "202"]
[White "Janus, Elfi"]
[Black "Bandziene, Rasa"]
[Result "0-1"]
[WhiteElo "2105"]
[BlackElo "2125"]

1.c4 c6 2.g3 d5 3.Bg2 Nf6 4.Nf3 Bf5 5.O-O e6 6.Qb3 Qb6 7.d3 Nbd7 8.Be3 Bc5
9.Bxc5 Nxc5 10.Qxb6 axb6 11.Nbd2 h6 12.Rfc1 O-O 13.b4 Ncd7 14.a4 Ra7 15.Ra3 Rfa8
16.Rca1 c5 17.b5 Kf8 18.R1a2 Bh7 19.h3 Ke7 20.Ne1 Rd8 21.a5 bxa5 22.Rxa5 Rxa5
23.Rxa5 Kd6 24.f4 Nb6 25.Nef3 Nfd7 26.e4 dxe4 27.dxe4 Ra8 28.Rxa8 Nxa8 29.Kf2 Nab6
30.Ke3 Nc8 31.Ne1 Kc7 32.g4 e5 33.Nd3 exf4+ 34.Nxf4 Ne7 35.Nd5+ Nxd5+ 36.exd5 Nf6
37.Be4 Nxe4 38.Nxe4 b6 39.Kf4 f6 40.Ke3 f5 41.gxf5 Bxf5 42.h4 Bh3 43.Kf4 Bf1
44.Nd2 Bd3 45.Ke3 Bf5 46.Kf4 Bd3 47.Ke5 g5 48.hxg5 hxg5 49.Ke6 Kd8 50.Kd6 g4
51.Kc6 g3 52.Nf3 Bxc4 53.d6 g2 54.Kxb6 Bd5 55.Ng1 c4 56.Kc5 c3 57.Kxd5 c2
58.b6 Kc8 59.Ne2 c1=Q 60.Nxc1 g1=Q 61.Nd3 Qxb6 62.Nc5 Qb5 63.Kd4 Qc6 64.d7+ Kd8
65.Kc4 Kc7 66.Kb4 Qb6+ 67.Kc4 Kc6 68.Na4 Qb5+ 69.Kc3 Kxd7 70.Nb2 Kc6 71.Kc2 Kd5
72.Nd1 Qe2+ 73.Kc1 Kc4 74.Nb2+ Kb3  0-1

[Event "NRW-Liga I 9495"]
[Site "Germany"]
[Date "1995.??.??"]
[Round "?"]
[White "Dueball, Juergen"]
[Black "Pieper Emden, Carsten"]
[Result "1/2-1/2"]
[WhiteElo "2390"]
[BlackElo "2355"]

1.c4 c6 2.e4 d5 3.exd5 cxd5 4.d4 Nf6 5.Nc3 Nc6 6.Bg5 e6 7.Nf3 Be7 8.c5 Ne4
9.Bxe7 Nxc3 10.Bxd8 Nxd1 11.Rxd1 Kxd8 12.Bb5 Bd7 13.O-O f6 14.b4 a5 15.bxa5 Rxa5
16.a4 Ke7 17.Rfe1 Rb8 18.Rb1 b6 19.Rbc1 Raa8 20.h3  1/2-1/2

[Event "Giessen op"]
[Site "Giessen"]
[Date "1995.??.??"]
[Round "6"]
[White "Reschke, Stefan"]
[Black "Klingelhoefer, Stefan"]
[Result "1/2-1/2"]
[WhiteElo "2405"]
[BlackElo "2285"]

1.c4 c6 2.Nf3 d5 3.b3 Nf6 4.Bb2 Bg4 5.e3 e6 6.h3 Bh5 7.Nc3 Nbd7 8.Be2 Bd6
9.d4 O-O 10.O-O Re8 11.Ne5 Bxe2 12.Nxe2 Qc7 13.Nd3 dxc4 14.bxc4 c5 15.Qb3 e5
16.dxe5 Nxe5 17.Ndf4 Qc6 18.Rad1 Bc7 19.Nd5 Nxd5 20.Rxd5 Nd7 21.Nc3 Nb6 22.Rdd1 Be5  1/2-1/2

[Event "Groningen op"]
[Site "Groningen"]
[Date "1995.??.??"]
[Round "?"]
[White "Soffer, Ram"]
[Black "Summerscale, Aaron"]
[Result "1/2-1/2"]
[WhiteElo "2530"]
[BlackElo "2455"]

1.c4 c6 2.d4 d5 3.Nf3 Nf6 4.Nc3 dxc4 5.a4 Bf5 6.Ne5 e6 7.g3 Bb4 8.Bg2 Ne4
9.O-O Bxc3 10.bxc3 Nxc3 11.Qe1 Qxd4 12.Bb2 Qxe5 13.Bxc3 Qc7 14.Bxg7 Rg8 15.Qc3 Nd7
16.Bh6 O-O-O 17.Qxc4 Ne5 18.Qc5 Ng4 19.Bf4 e5 20.a5 a6 21.h3 Be6 22.Bc1 Nf6
23.Bb2 Bd5 24.e4 Nd7 25.Qc3 Be6 26.Rab1 f6 27.Bc1 Nb8 28.Be3 Qd6 29.Rfc1 Rd7
30.Bf1 h5 31.h4 f5 32.Bc5 Qc7 33.Bb6 Qd6 34.Rd1 Qe7 35.Qxe5 Ba2 36.Qxe7 Rxe7
37.Rb2 Be6 38.exf5 Bxf5 39.Be3 Nd7 40.Bg2 Re5 41.Ra1 Rge8 42.Bf3 Bg6 43.Rd2 Nc5
44.Ra3 Bf7 45.Rd6 Ne4 46.Bxe4 Rxe4 47.Ra1 Bd5 48.Rh6  1/2-1/2

[Event "Gyongyos op "]
[Site "Gyongyos"]
[Date "1995.??.??"]
[Round "?"]
[White "Volosin, Vladimir"]
[Black "Volodin, Alexey"]
[Result "1-0"]
[WhiteElo "2290"]
[BlackElo "2325"]

1.c4 c6 2.e4 d5 3.exd5 cxd5 4.d4 Nf6 5.Nc3 Nc6 6.Nf3 Bg4 7.cxd5 Nxd5 8.Qb3 Bxf3
9.gxf3 e6 10.Qxb7 Nxd4 11.Bb5+ Nxb5 12.Qxb5+ Qd7 13.Nxd5 exd5 14.Qxd7+ Kxd7
15.Be3 Bb4+ 16.Ke2 a5 17.Rhd1 Ke6 18.Rac1 Rhc8 19.Rxc8 Rxc8 20.Rc1 Rc4 21.Kd3 Rh4
22.Rc6+ Kd7 23.Ra6 Rxh2 24.a3 Be7 25.Rxa5 h5 26.Ra7+ Ke6 27.b4 h4 28.b5 Rh1
29.Kc2 Ra1 30.b6 Bd6 31.b7 Kf5 32.Ra5 Ke5 33.Ra4 g5  1-0

[Event "Gyongyos op "]
[Site "Gyongyos"]
[Date "1995.??.??"]
[Round "?"]
[White "Gyurkovics, Miklos"]
[Black "Dovzik, Juri"]
[Result "0-1"]
[WhiteElo "2265"]
[BlackElo "2380"]

1.c4 c6 2.Nf3 d5 3.b3 Nf6 4.g3 Bf5 5.Bg2 e6 6.O-O Be7 7.Bb2 O-O 8.d3 h6 9.Nbd2 Nbd7
10.Qc2 Bh7 11.a3 Rc8 12.Bc3 b5 13.cxb5 cxb5 14.Qb2 a5 15.Rfc1 Qb6 16.b4 a4
17.Bd4 Qb8 18.Ne5 Nxe5 19.Bxe5 Qb7 20.Nf3 Rfd8 21.Bh3 Bg6 22.Nh4 Bh5 23.Bg2 Ne8
24.Nf3 Qd7 25.Bd4 f6 26.Bh3 Bxf3 27.exf3 f5 28.f4 Bf6 29.Bf1 Kf7 30.Rc5 Be7
31.Rxc8 Rxc8 32.Rc1 Rxc1 33.Qxc1 Bf6 34.Bxf6 gxf6 35.Qc5 Nd6 36.Be2 Ke7 37.Kf1 Qc8
38.Ke1 Qxc5 39.bxc5 Nb7 40.d4 b4 41.Kd2 bxa3 42.Kc2 Na5 43.Bb5 Nb3 44.Kb1 Nxd4
45.Bxa4 e5 46.Ka2 Ne6 47.Bb3 d4 48.c6 Nc5 49.Bd5 d3 50.Kxa3 d2 51.Bf3 e4
52.Be2 Nd3 53.Ka4 Kd6 54.Kb5 Kc7  0-1

[Event "Hafnarfjordur op"]
[Site "Hafnarfjordur"]
[Date "1995.??.??"]
[Round "5"]
[White "Bern, Ivar"]
[Black "Halldorsson, Gudmundur"]
[Result "1-0"]
[WhiteElo "2360"]
[BlackElo "2285"]

1.c4 c6 2.d4 d5 3.cxd5 cxd5 4.Bf4 Nc6 5.e3 Nf6 6.Nc3 e6 7.Bd3 Bd7 8.h3 Rc8
9.Nf3 Na5 10.Ne5 Bb4 11.Rc1 Nc4 12.Qe2 Nxe5 13.Bxe5 Qa5 14.O-O Bxc3 15.bxc3 Rxc3
16.Rb1 Ra3 17.Rxb7 Rxa2 18.Qf3 Ke7 19.Qg3 Ne8 20.Bb5 Qxb5 21.Rxb5 Bxb5 22.Rb1 a6
23.Bxg7 Rg8 24.Qh4+ f6 25.Bh6 Rc2 26.Bf4 Rg7 27.Bg3 Rf7 28.e4 dxe4 29.Qxe4 Rc4
30.Re1 Bd7 31.Qd3 Ra4 32.d5 e5 33.f4 Bb5 34.Qf5 Bd7 35.Qc2 Rg7 36.Kh2 Kf7
37.fxe5 fxe5 38.Bxe5 Rg6 39.Qf2+ Nf6 40.Rf1 Bb5 41.Bxf6 Bxf1 42.Be5+  1-0

[Event "Hajduboszormeny op"]
[Site "Hajduboszormeny"]
[Date "1995.??.??"]
[Round "8"]
[White "Felegyhazi, Laszlo"]
[Black "Gemesi, Andras"]
[Result "1-0"]
[WhiteElo "2360"]
[BlackElo "2195"]

1.c4 c6 2.Nf3 d5 3.b3 Nf6 4.Bb2 Bf5 5.d3 Nbd7 6.Nbd2 e6 7.g3 Bd6 8.Bg2 O-O
9.O-O e5 10.Qc2 h6 11.e4 Bh7 12.a3 a5 13.Rfe1 dxe4 14.dxe4 Bc5 15.h3 Nh5
16.Nf1 f5 17.Nxe5 fxe4 18.Ne3 Nxe5 19.Bxe5 Qg5 20.Qc3 Rae8 21.Bd4 Bd6 22.Ng4 Bf5
23.c5 Bc7 24.Qe3 Qg6 25.Qe2 Nxg3 26.fxg3 h5 27.Nh2 Qxg3 28.Nf1 Qh4 29.Bf2 Qg5
30.h4 Qg6 31.Qe3 Bg4 32.Bg3 Bd8 33.Bxe4 Qf6 34.Qd3 Be7 35.b4 Rd8 36.Qe3 Qf7
37.Bc2 Bf6 38.Bb3 Rd5 39.Ra2  1-0

[Event "Wch U20"]
[Site "Halle"]
[Date "1995.??.??"]
[Round "9"]
[White "Hagesaether, Paal Vegard"]
[Black "Hellsten, Johan"]
[Result "0-1"]
[WhiteElo "2155"]
[BlackElo "2430"]

1.c4 c6 2.Nf3 d5 3.g3 dxc4 4.Bg2 b5 5.a4 Bb7 6.b3 cxb3 7.Qxb3 Qb6 8.Nc3 a6
9.d3 e6 10.Be3 Qd8 11.Ne5 Nf6 12.axb5 axb5 13.Rxa8 Bxa8 14.O-O Bd6 15.Ra1 Bxe5
16.Rxa8 O-O 17.Bc5 Bd6 18.Qa3 Bxc5 19.Qxc5 Nfd7 20.Qb4 Qb6 21.d4 Qb7 22.Ra1 Qc7
23.Rc1 Qa7 24.Qd6 Nb6 25.Bxc6 b4 26.Nb5 Qa5 27.Nc7 b3 28.Be4 b2 29.Rb1 Nc4
30.Qf4 Nd2 31.Nxe6 fxe6 32.Qh4 h6 33.Qg4 Rf6 34.Bd3 Nxb1 35.Qe4 Qe1+ 36.Kg2 Qf1+
37.Kxf1 Nd2+  0-1

[Event "Wichern op"]
[Site "Hamburg"]
[Date "1995.??.??"]
[Round "4"]
[White "Mednis, Edmar John"]
[Black "Niehaus, Stephan"]
[Result "1-0"]
[WhiteElo "2420"]
[BlackElo "2170"]

1.c4 c6 2.Nf3 d5 3.Qb3 Nf6 4.g3 Qb6 5.Bg2 g6 6.O-O Bg7 7.Nc3 dxc4 8.Qxc4 O-O
9.d3 h6 10.Qh4 g5 11.Qa4 Bf5 12.Qa3 Re8 13.h4 g4 14.Be3 Qa6 15.Qxa6 Nxa6
16.Nd4 Bd7 17.a3 Rac8 18.Rac1 b6 19.b4 e5 20.Nc2 Nc7 21.Bd2 Ncd5 22.Ne3 Nxe3
23.Bxe3 Rc7 24.Nb5  1-0

[Event "Helsinki PC-SuperSto"]
[Site "Helsinki"]
[Date "1995.??.??"]
[Round "?"]
[White "Karner, Hillar"]
[Black "Maki Uuro, Miikka"]
[Result "1/2-1/2"]
[WhiteElo "2325"]
[BlackElo "2280"]

1.c4 c6 2.Nc3 d5 3.cxd5 cxd5 4.d4 Nc6 5.Bf4 e5 6.Bxe5 Nxe5 7.dxe5 d4 8.Qa4+ b5
9.Nxb5 Bd7 10.Qa6 Qb8 11.a4 Bb4+ 12.Kd1 Ne7 13.Nd6+ Bxd6 14.Qxd6 Bxa4+ 15.Ke1 Qxb2
16.Qa3 Qxa3 17.Rxa3 Bb5 18.Nf3 Nc6 19.e4 Bxf1 20.Kxf1 O-O 21.g3 Rfe8 22.Kg2 Nxe5
23.Nxd4 Nc4 24.Rc3 Nb6 25.Re1 a5 26.Nf5 a4 27.Ree3 a3 28.Rxa3 Rxa3 29.Rxa3 Rxe4
30.Ra6 Re6 31.g4 h6 32.Kg3 Nd5 33.Ra8+ Kh7 34.Rf8 Rf6 35.Rd8 Nc3 36.f4 g6
37.Nxh6 Ne2+ 38.Kf3 Rxf4+ 39.Kxe2 Kxh6 40.h3 Kg5 41.Rh8 Ra4 42.Rh7 f6 43.Rh8 Kf4
44.Rh6 Ra2+ 45.Kf1 Kg5 46.Rh8 Rb2 47.Ke1 Rh2 48.Kf1 Kf4 49.Rf8 Rxh3 50.Rxf6+ Kg5
51.Ra6 Rh2 52.Kg1 Rc2 53.Rb6 Rc4 54.Kg2 Rxg4+ 55.Kh3 Rc4 56.Kg3 Ra4 57.Rb5+ Kh6
58.Rb3 Kh5 59.Rc3 Rg4+ 60.Kh3 Rg1 61.Rc5+ Kh6 62.Rc8 Ra1 63.Rc3 Kg5 64.Kg3 Kh5
65.Rc5+ g5 66.Rc3 Rg1+ 67.Kh2 Rg4 68.Rh3+ Kg6 69.Ra3 Re4 70.Kg2 Kf5 71.Rf3+ Kg6
72.Ra3 Rf4 73.Rh3 Kf5  1/2-1/2

[Event "Hillerod Politiken"]
[Site "Hillerod"]
[Date "1995.??.??"]
[Round "5"]
[White "Karlsson, Lars"]
[Black "Schandorff, Lars"]
[Result "0-1"]
[WhiteElo "2515"]
[BlackElo "2450"]

1.c4 c6 2.Nf3 d5 3.b3 Nf6 4.Bb2 Bg4 5.e3 Nbd7 6.h3 Bxf3 7.Qxf3 e6 8.Qd1 Bd6
9.Be2 O-O 10.O-O Qe7 11.a3 Rad8 12.d3 Rfe8 13.Nd2 Be5 14.Qc2 Bxb2 15.Qxb2 e5
16.cxd5 Nxd5 17.b4 Kh8 18.Rac1 f5 19.Rfe1 N7f6 20.Nb3 f4 21.e4 Nc7 22.Rc4 Nd7
23.Nd2 Nb6 24.Rcc1 Nb5 25.Bh5 g6 26.Be2 h6 27.Qa1 Nd4 28.Bd1 Nd7 29.Qb2 Nf6
30.a4 h5 31.b5 c5 32.b6 a6 33.Qa3 Rc8 34.Nb3 Red8 35.Rc3 Ne6 36.Be2 Rc6 37.Rec1 Rdc8
38.Bf1 Rxb6 39.Na5 Nd7 40.Rb3 Rxb3 41.Qxb3 b6 42.Nc4 Nd4 43.Qd1 b5 44.axb5 axb5
45.Nd2 Ra8 46.Nf3 b4 47.Nxd4 exd4 48.Qb3 Qd6 49.Qf7 Rf8 50.Qa2 Rb8 51.Rb1 Ne5
52.Be2 g5 53.Bd1 g4 54.Qd2 Rf8 55.h4 Qf6 56.Rc1 Rc8 57.Bb3 Kh7 58.Ra1 Rc7
59.Bd1 Rg7 60.Qc1 g3 61.Qxc5 gxf2+ 62.Kf1 Qg6 63.g4 fxg3  0-1

[Event "EU-ch U20"]
[Site "Holon"]
[Date "1995.??.??"]
[Round "1"]
[White "Petek, P."]
[Black "Liiva, Riho"]
[Result "0-1"]
[WhiteElo "2065"]
[BlackElo "2410"]

1.c4 c6 2.g3 d5 3.Bg2 Nf6 4.b3 dxc4 5.bxc4 Qd4 6.Nc3 Qxc4 7.Ba3 Nbd7 8.Nf3 Qa6
9.Qc1 c5 10.Rb1 e6 11.Nb5 Qa5 12.O-O a6 13.Nc3 Rb8 14.Ng5 h6 15.Nge4 b5 16.Nxf6+ Nxf6
17.d4 cxd4 18.Bxf8 Kxf8 19.Qf4 Qb6 20.Na4 Qa7 21.Rfc1 Ne8 22.Bc6 g5 23.Qe5 f6
24.Qe4 Nd6 25.Qg6 Qf7 26.Qd3 e5 27.Qa3 Qe7 28.Nc5 Rb6 29.Bg2 Bf5 30.Rb2 Kg7
31.Nxa6 Rc8 32.Rxc8 Bxc8 33.Nc5 Nc4 34.Qa8 Qxc5  0-1

[Event "EU-ch U20"]
[Site "Holon"]
[Date "1995.??.??"]
[Round "3"]
[White "Drenchev, Petar"]
[Black "Liiva, Riho"]
[Result "1/2-1/2"]
[WhiteElo "2320"]
[BlackElo "2410"]

1.c4 c6 2.e4 e5 3.Nf3 Nf6 4.Nxe5 d6 5.Nf3 Nxe4 6.d4 d5 7.Bd3 Bd6 8.O-O O-O
9.Re1 Re8 10.Nc3 Nxc3 11.Rxe8+ Qxe8 12.bxc3 dxc4 13.Bxc4 Be6 14.Bd3 h6 15.Nh4 Nd7
16.Nf5 Bxf5 17.Bxf5 Nf6 18.g3 Qe7 19.Be3 Re8 20.Qf3 Ne4 21.c4 g6 22.Bxe4 Qxe4
23.Qxe4 Rxe4 24.Rb1 b6 25.c5 bxc5 26.dxc5 Be5 27.Rd1 Ra4 28.f4 Bc3 29.Rd6 Rxa2
30.Rxc6 Ra4 31.Rc8+ Kg7 32.c6 Bd4 33.Bxd4+ Rxd4 34.Ra8  1/2-1/2

[Event "EU-ch U20"]
[Site "Holon"]
[Date "1995.??.??"]
[Round "5"]
[White "Allahverdiev, Anar"]
[Black "Liiva, Riho"]
[Result "1/2-1/2"]
[WhiteElo "2290"]
[BlackElo "2410"]

1.c4 c6 2.Nf3 d5 3.cxd5 cxd5 4.d4 Nf6 5.Nc3 Nc6 6.Bf4 e6 7.e3 Nh5 8.Bg5 Qb6
9.a3 h6 10.Bh4 g5 11.Bg3 Bg7 12.Na4 Qd8 13.Ne5 Nxg3 14.Nxc6 Qd6 15.hxg3 Qxc6
16.Rc1 Qd6 17.Bb5+ Bd7 18.Qb3 O-O 19.Bxd7 Qxd7 20.Nc5 Qe7 21.O-O b6 22.Na6 Rfc8
23.Qb5 Qb7 24.Nb4 Bf8 25.Nd3 Bd6 26.f4 Rxc1 27.Nxc1 f5 28.g4 fxg4 29.Nd3 Qe7
30.f5 Rf8 31.Ne5 Bxe5 32.dxe5 Qc5 33.Qd7 Qxe3+ 34.Kh1 Qxe5 35.f6 Rxf6 36.Qe8+ Kg7
37.Qe7+ Kg6 38.Qe8+ Kg7 39.Qe7+ Kg6 40.Qe8+  1/2-1/2

[Event "EU-ch U20"]
[Site "Holon"]
[Date "1995.??.??"]
[Round "8"]
[White "Leer Salvesen, Bjarte"]
[Black "Edzgveradze, Natalia"]
[Result "1/2-1/2"]
[WhiteElo "2170"]
[BlackElo "2320"]

1.c4 c6 2.e4 d5 3.exd5 cxd5 4.d4 Nf6 5.c5 Nc6 6.Nf3 g6 7.Nc3 Bg7 8.Bb5 O-O
9.O-O a6 10.Bxc6 bxc6 11.Ne5 Qc7 12.f4 Nd7 13.Nxd7 Qxd7 14.Be3 Rb8 15.Qd2 Qb7
16.b3 Bf5 17.h3 h5 18.Na4 Rbe8 19.Nb6 f6 20.Rae1 Be4 21.Rf2 e5 22.Qb4 exf4
23.Bxf4 Rf7 24.Bd6 Bf8 25.Bxf8 Rexf8 26.Qd2 f5 27.Ref1 Qe7 28.Na4 Qh4 29.Rf4 Qg5
30.h4 Qd8 31.Nc3 Kg7 32.b4 Re8 33.Qe2 Qc8 34.a4 Qb8 35.b5 axb5 36.axb5 cxb5
37.Nxb5 Bxg2 38.Qxg2 Qxb5 39.Rxf5 Rxf5 40.Rxf5 Qb1+ 41.Rf1  1/2-1/2

[Event "HUN-chT1"]
[Site "HUN"]
[Date "1995.??.??"]
[Round "?"]
[White "Bilek, Istvan"]
[Black "Kallai, Gabor"]
[Result "1/2-1/2"]
[WhiteElo "2395"]
[BlackElo "2500"]

1.c4 c6 2.d4 d5 3.cxd5 cxd5 4.Nc3 Nf6 5.Bf4 Nc6 6.e3 a6 7.Nf3 Bg4 8.Be2 e6
9.Ne5 Bxe2 10.Qxe2 Nxe5 11.Bxe5 Be7 12.O-O  1/2-1/2

[Event "HUN-chT2 9495"]
[Site "HUN"]
[Date "1995.??.??"]
[Round "?"]
[White "Apro, Adrian"]
[Black "Bali, Janos"]
[Result "0-1"]
[WhiteElo "2130"]
[BlackElo "2200"]

1.c4 c6 2.Nc3 d5 3.cxd5 cxd5 4.d4 Nf6 5.Nf3 Nc6 6.Bf4 e6 7.e3 Bd7 8.Bd3 Be7
9.O-O O-O 10.a3 a6 11.Rc1 Nh5 12.Bg3 Nxg3 13.hxg3 f5 14.Na4 b6 15.Rc3 Qb8
16.Qb3 Bd8 17.Rfc1 Na5 18.Qd1 Bxa4 19.Qxa4 b5 20.Qc2 Nc4 21.Bxc4 bxc4 22.Ne5 Qb7
23.Qa4 Qb5 24.Qc2 Ba5 25.b4 Bc7 26.Nf3 a5 27.Rb1 axb4 28.Rxb4 Qe8 29.Rb7 Ba5
30.Ne5 Bxc3 31.Qxc3 Rb8 32.Rxb8 Qxb8 33.Kh2 Rf6 34.g4 fxg4 35.Qa5 Rxf2 36.Qa6 Rf6
37.Qc6 h5 38.a4 h4 39.a5 h3 40.a6 Qb2 41.Qe8+ Kh7 42.Qh5+ Rh6 43.Qxg4 hxg2+  0-1

[Event "HUN-chT1"]
[Site "HUN"]
[Date "1995.??.??"]
[Round "?"]
[White "Erdelyi, Tamas"]
[Black "Krutti, Valer"]
[Result "1/2-1/2"]
[WhiteElo "2305"]
[BlackElo "2415"]

1.c4 c6 2.Nf3 d5 3.cxd5 cxd5 4.d4 Nc6 5.Nc3 Nf6 6.Bf4 a6 7.e3 Bg4 8.Be2 e6
9.O-O Bd6 10.Bxd6 Qxd6  1/2-1/2

[Event "HUN-chT2 9495"]
[Site "HUN"]
[Date "1995.??.??"]
[Round "?"]
[White "Zemerov, Vladimir"]
[Black "Emodi, Barnabas"]
[Result "1-0"]
[WhiteElo "2430"]
[BlackElo "2280"]

1.c4 c6 2.e4 e5 3.Nf3 d6 4.d4 Nd7 5.Nc3 Ngf6 6.Be2 Be7 7.O-O O-O 8.h3 a6
9.a4 a5 10.d5 Nc5 11.Qc2 Qc7 12.Be3 Bd7 13.Bxc5 dxc5 14.Nh2 h5 15.Rad1 cxd5
16.Nxd5 Nxd5 17.cxd5 Qb6 18.Bxh5 Qb4 19.Ra1 g6 20.Be2 f5 21.Bc4 Bf6 22.b3 Kg7
23.Qe2 Rfc8 24.Rfd1 Rf8 25.Nf3 f4 26.d6 g5 27.Nh2  1-0

[Event "HUN-chT2 9495"]
[Site "HUN"]
[Date "1995.??.??"]
[Round "?"]
[White "Volosin, Vladimir"]
[Black "Somlai, Laszlo"]
[Result "1-0"]
[WhiteElo "2265"]
[BlackElo "2375"]

1.c4 c6 2.e4 e5 3.Nc3 d6 4.d4 Be7 5.Nf3 Bg4 6.Be3 Bxf3 7.gxf3 Bg5 8.Qd2 Bxe3
9.fxe3 Qh4+ 10.Qf2 Qxf2+ 11.Kxf2 Nf6 12.Bh3 O-O 13.b4 Nbd7 14.c5 dxc5 15.bxc5 b6
16.Na4 exd4 17.exd4 bxc5 18.e5 cxd4 19.exf6 Nxf6 20.Rhd1 Rfd8 21.Rdc1 Rab8
22.Rc4 a6 23.Rd1 Rb4 24.Rdxd4  1-0

[Event "HUN-chT2 9495"]
[Site "HUN"]
[Date "1995.??.??"]
[Round "?"]
[White "Torok, Jozsef"]
[Black "Acs, Peter"]
[Result "1/2-1/2"]
[WhiteElo "2260"]
[BlackElo "2240"]

1.c4 c6 2.g3 d5 3.Bg2 Nf6 4.Nf3 dxc4 5.a4 g6 6.O-O Bg7 7.Na3 O-O 8.Nxc4 Be6
9.b3 Nfd7 10.Rb1 Nb6 11.Nxb6 Qxb6 12.Ba3 Qc7 13.Qc2 a5 14.d4 Na6 15.Rfd1 Rfd8
16.h3 Rac8 17.e4 h6 18.Qe2 Nb4 19.Bxb4 axb4 20.Rd3 Rd7 21.Qe3 Rcd8 22.Rbd1 Qb6
23.g4 Kh7 24.e5 Qc7 25.Ne1 Bd5 26.f4 Bxg2 27.Kxg2 f5 28.gxf5 gxf5 29.Qf3 e6
30.Qh5 Rg8 31.Rg3 Bf8 32.Nf3 Rxg3+ 33.Kxg3 Re7 34.Kh2 Qd7 35.Rg1 Qe8 36.Qh4 Rd7
37.Rg2 Re7 38.Ne1 Rd7 39.Nc2 Qe7 40.Qh5 Qf7 41.Qe2 Rd8 42.Rg3 Qd7 43.Rg2 Qf7
44.Rg1 Qe7 45.Nxb4 Rxd4 46.Qh5 Bg7 47.Qg6+ Kh8 48.Nc2 Rxf4 49.Ne3 Re4 50.Nc4 Kg8
51.Nd6 Re2+ 52.Kh1 Qd7 53.Qe8+ Qxe8 54.Nxe8 Kf7 55.Nxg7 Rxe5 56.Nh5 Re3 57.Rg3 Re1+
58.Kg2 b5 59.axb5 cxb5 60.Rg7+ Kf8 61.Rb7 Re5  1/2-1/2

[Event "HUN-chT1 9596"]
[Site "HUN"]
[Date "1995.??.??"]
[Round "2"]
[White "Lengyel, Levente"]
[Black "Varga, Peter"]
[Result "1/2-1/2"]
[WhiteElo "2365"]
[BlackElo "2440"]

1.c4 c6 2.e4 d5 3.exd5 cxd5 4.d4 Nf6 5.Nc3 Nc6 6.Nf3 Bg4 7.cxd5 Nxd5 8.Qb3 Bxf3
9.gxf3 Nb6 10.d5 Nd4 11.Bb5+  1/2-1/2

[Event "HUN-chT1 9596"]
[Site "HUN"]
[Date "1995.??.??"]
[Round "3"]
[White "Bodo, Norbert"]
[Black "Turzo, Attila"]
[Result "1/2-1/2"]
[WhiteElo "2280"]
[BlackElo "2265"]

1.c4 c6 2.d4 d5 3.cxd5 cxd5 4.Nc3 Nf6 5.Nf3 Nc6 6.Bf4 a6 7.e3 Bg4 8.a3 e6
9.Be2 Bd6 10.Bxd6 Qxd6 11.O-O b5 12.b4 O-O 13.Nd2 Bxe2 14.Qxe2 Nd7 15.Nb3 Nb6
16.Nc5 Nc4 17.Rfb1 e5 18.dxe5 Qxe5 19.Qd3 Rfd8 20.Nb7 Rd7 21.Nc5  1/2-1/2